000
00335nam a2200145Ia 4500
008
191201s2007 xx 000 0 und d
082
_a
650.0722
_b
DHC
100
_a
DHAR, Upinder
245
0
_a
Case Method in Management
250
_a
2nd
260
_a
N.Delhi
_b
Excel Books
_c
2007
300
_a
335
650
_a
MBA
942
_2
ddc
_c
BK
999
_c
2730
_d
2730